000 02515nam0a2200421 4500
001 RU\NLR\bibl\256200
005 20260405103638.0
010 _a5-94211-034-4
_9200
021 _aRU
_b2001-60092
_92930
035 _a(NLR Aleph) 000251951
090 _a1470287
_c1470287
100 _a20020419d2001 |||y0rusy50 ca
101 0 _arus
102 _aRU
105 _aa |||||||||
200 1 _aПодъемно-транспортные машины горно-металлургических заводов
_e[Учеб. пособие для специальности 170100]
_fЮ. Д. Тарасов, А. К. Николаев
_gМ-во образования Рос. Федерации, С.-Петерб. гос. горный ин-т им. Г. В. Плеханова (техн. ун-т)
210 _aСПб.
_cСПбГГИ
_d2001
215 _a117 с.
_cил.
_d20
320 _aБиблиогр.: с. 115
606 0 _aМеталлургические заводы
_jРуководства, пособия и т.п. для высшей школы
_xПодъемно-транспортное оборудование
_91598205
_3RU\NLR\auth\66703201
606 0 _aМеталлургические заводы
_jУчебные издания для высшей школы
_xПодъемно-транспортное оборудование
_91598205
_3RU\NLR\auth\66703201
606 0 _aРудничный транспорт
_jРуководства, пособия и т.п. для высшей школы
_91260915
_3RU\NLR\auth\66200166
606 0 _aРудничный транспорт
_jУчебные издания для высшей школы
_91260915
_3RU\NLR\auth\66200166
610 0 _aГорно-металлургические комбинаты - Подъемно-транспортное оборудование
675 _a[622.002.5
_v3
_zrus
675 _a669.02]:621.86(075.8)
_v3
_zrus
686 _a52
_2rugasnti
686 _a33.1я73
_2rubbk
686 _aИ16я73-1
686 _aК3-445я73-1
700 1 _4070
_8rus
_7ca
_aТарасов
_bЮ. Д.
_cд-р техн. наук
_gЮрий Дмитриевич
_3RU\NLR\auth\7739252
_922236
701 1 _4070
_7ca
_8rus
_aНиколаев
_bА. К.
_cд-р техн. наук, горн. инженер
_gАлександр Константинович
_922240
_3RU\NLR\auth\7739256
801 0 _aRU
_bRKP
_c20020419
_gPSBO
801 1 _aRU
_bRKP
_c20020419
801 2 _aRU
_bNLR
_c20060613
_grcr
942 _cBOOK
980 _aNB